Statistiques concernant Les openings d'animes les plus écoutés sur Spotify

Cliquez ici pour prendre le quiz!

Statistiques générales

  • Ce quiz a été pris 47 fois
  • Le résultat moyen est 20 sur 100

Statistiques - réponses

HintRéponse% Correct
Naruto shippudenBlue bird
88%
Demon slayerGurenge
73%
L'attaque des titansShinzo wo sasageyo
65%
Tokyo ghoulUnravel
65%
Naruto shippudenSilhouette
58%
Chainsaw manKick back
50%
Black cloverBlack rover
48%
Black cloverBlack catcher
45%
HaikyuuFly high
45%
Fire forceInferno
45%
Kaguya sama love is warDaddy daddy do
40%
Oshi no koIdol
40%
Tokyo revengersCrybaby
38%
NoragamiKyouran hey kids
38%
My hero academiaThe day
38%
L'attaque des titansGuren no yumiya
35%
Jujutsu kaisenKaikai kitan
35%
L'attaque des titansMy war
35%
One punch manThe hero
35%
Code geassColors
33%
NarutoGo
33%
Jojo's bizarre adventureJojo Sono Chino Sadame
33%
L'attaque des titansRed swan
33%
L'attaque des titansThe rumbling
33%
Death noteThe world
33%
HunterxhunterDeparture
30%
My hero academiaPeace sign
30%
Jojo's bizarre adventureBloody stream
28%
Sword art onlineCrossing field
28%
My hero academiaOdd future
28%
Naruto shippudenSign
25%
Fullmetal alchemist brotherhoodAgain
20%
Fate/stay night UBWBrave shine
20%
HaikyuuHikari are
20%
Spy x familyMixed nuts
20%
My hero academiaPolaris
20%
BeastarsKaibutsu
18%
My hero academiaMake my story
18%
The promised neverlandTouch off
18%
Demon slayerZankyou sanka
18%
Neon genesis evangelionA cruel angel's thesis
15%
Jojo's bizarre adventureChase
15%
Jojo's bizarre adventureCrazy noisy bizarre town
15%
Death paradeFlyers
15%
Your lie in aprilHikaru nara
15%
HaikyuuImagination
15%
L'attaque des titansJiyuu no tsubasa
15%
Darling in the franxxKiss of death
15%
Demon slayerKizuna no kiseki
15%
Fire forceMayday
15%
Vinland sagaMukanjyo
15%
The seven deadly sinsNetsujou no spectrum
15%
BeastarsWild
15%
Sword art onlineAdamas
13%
Tokyo ghoulAsphyxia
13%
Love is hard for otakuFiction
13%
Black cloverHarukamirai
13%
Yuri on iceHistory maker
13%
BakemonogatariRenai circulation
13%
Spy x familySouvenir
13%
Jujutsu kaisenVivid vice
13%
Ranking of kingsBoy
10%
Kakegurui/Gambling schoolDeal with the devil
10%
Black cloverJustadice
10%
ParasyteLet me hear
10%
ErasedRe:re
10%
The rising of shield heroRise
10%
My hero academiaSora ni utaeba
10%
Rent-a-girlfriendCentimeter
8%
Blue exorcistCore pride
8%
Black cloverEverlasting shine
8%
NoragamiGoya no machiawase
8%
Jojo's bizarre adventureGreat days
8%
Bunny girl senpaiKimi no sei
8%
Ranking of kingsNaked hero
8%
HaikyuuPhoenix
8%
Sword art onlineResister
8%
The seven deadly sinsSeven deadly sins
8%
Death noteWhat's up people
8%
Sword art onlineAnima
5%
Domestic girlfriendCrying for rain
5%
Serial experiments LainDuvet
5%
NarutoHaruka kanata
5%
HorimiyaIro kousui
5%
DororoKaen
5%
Tokyo ghoulKatharsis
5%
GivenKizuato
5%
2.43 Seiin high school boys volleyball teamMahi
5%
Black cloverPaint it black
5%
Pokemon (dub)Pokemon theme
5%
The irregular at magic high schoolRising hope
5%
Gundam witch from mercuryShukufuku
5%
Jojo's bizarre adventureStand proud
5%
My hero academiaStar marker
5%
Cowboy bebopTank
5%
MushishiShiver
3%
L'attaque des titansShoukei to shikabane no michi
3%
Naruto shippudenBlood circulator
0%
Naruto shippudenHotaru no hikari
0%
Naruto shippudenToumei datta sekai
0%

Distribution des résultats

Percentile par nombre de réponses

% des personnes avec chaque résultat

Votre développement - résultats

Vous n’avez pas pris ce quiz